Enucleatus et auctus practicis in quaestionibus per D. Didacum Ybañez de Faria Gaditanum, praepotensis monarchae Caroli II. Hispaniarum, Indiarumque Regis Catholici à Consiliis, in cancellaria de Buenos Aires regii fisci patronum, & in goatemalensi praetorio apud Americam primarios inter judices adscriptum. Cum indice rerum et verborum locupletissimo

Detalles Bibliográficos
Autor principal: Covarrubias de Leyva, Diego de, arz., 1512-1577
Formato: Libro
Lenguaje:Latin
Publicado: Genevae : sumptibus fratrum de Tournes, 1762.
Materias:
Colección:Banco de datos
Acervo:Biblioteca Félix de Jesús Rougier de los Misioneros del Espíritu Santo. Fondo Antiguo
Descripción Física:[1] h., 238 p., [23] h. ; f°
Tema general:Derecho eclesiástico
Notas:Portada tipográfica con pleca y marca de los editores en grabado xilográfico. Texto a dos columnas. Incluye cabecera de título en grabado xilográfico. Incluye capitular en grabado xilográfico
LEADER 01203nam a22001930004500
035 |a 1058 
041 0 |a lat 
100 1 |a Covarrubias de Leyva, Diego de, arz., 1512-1577 
245 1 0 |a Enucleatus et auctus practicis in quaestionibus per D. Didacum Ybañez de Faria Gaditanum, praepotensis monarchae Caroli II. Hispaniarum, Indiarumque Regis Catholici à Consiliis, in cancellaria de Buenos Aires regii fisci patronum, & in goatemalensi praetorio apud Americam primarios inter judices adscriptum. Cum indice rerum et verborum locupletissimo  
260 |a Genevae : sumptibus fratrum de Tournes, 1762. 
300 |a [1] h., 238 p., [23] h. ; f° 
500 |a Portada tipográfica con pleca y marca de los editores en grabado xilográfico. Texto a dos columnas. Incluye cabecera de título en grabado xilográfico. Incluye capitular en grabado xilográfico 
501 |a 1 obra 
504 |a Al final de la obra está el índice de todas las cosas y términos 
650 1 0 |a Derecho eclesiástico 
949 |a Biblioteca Félix de Jesús Rougier, Fondo Antiguo 1863-B 
942 |c ROUGIER 
943 |g Biblioteca Félix de Jesús Rougier de los Misioneros del Espíritu Santo. Fondo Antiguo 
999 |c 946077  |d 946077